| 000 | 02088cam a22002174a 4500 | ||
|---|---|---|---|
| 005 | 20250605164241.0 | ||
| 008 | 250528s ||||||||||||||||||||||||d | ||
| 035 | _a21344 | ||
| 020 | _a9789604551651 | ||
| 040 |
_aGR-AtMCL _bgre _dGR-AtMCL _eAACR2 |
||
| 245 | 1 | _aΕκπαιδευτική Ψυχολογία / Θεωρία και Πράξη | |
| 250 | _a1η | ||
| 260 |
_bΜεταίχμιο, _c2007 |
||
| 300 | _a704 | ||
| 520 | _aΤο παρόν εγχειρίδιο του φημισμένου εκπαιδευτικού ψυχολόγου Robert E. Stalin δίνει έμφαση στη ''Στοχαστική Διδασκαλία'' και μεταφράζει τη θεωρία σε πρακτικές που μπορούν να εφαρμόσουν με αποτελεσματικότητα οι εκπαιδευτικοί στη τάξη τους. Πρόλογος, Εκπαιδευτική Ψυχολογία: Θεμέλιο για τη Διδασκαλία, Θεωρίες Ανάπτυξης, Ανάπτυξηυ κατά την Παιδική και την Εφηβική Ηλικία, Διαφορές Μαθητών, Συμπεριφοριστικές Θεωρίες Μάθησης, Θεωρίες Επεξεργασίας Πληροφοριών και Γνωστικές Θεωρίες Μάθησης, Το Αποτελεσματικό Μάθημα, Μαθητοκεντρικές και Νεοκατασκευαστικές Προσεγγίσεις της Διδασκαλίας, Προσαρμόζοντας τη Διδασκαλία ώστε να ανταποκρίνεται στις Ατομικές Ανάγκες, Δίνοντας στους Μαθητές Κίνητρα για Μάθηση, Αποτελεσματικό Μαθησιακό Περιβάλλον, Μαθητές με Ιδιαιτερότητες, Αξιολόγηση της Μάθησης, Σταθμισμένες Δοκιμασίες. | ||
| 700 | 1 |
_aSlavin Robert E _97404 |
|
| 700 | 1 |
_aΚόκκινος Κωνσταντίνος Μ _97405 |
|
| 942 | _cBK | ||
| 999 |
_c6409 _d6409 |
||